Instructor's Manual to Accompany International Marketing

Uložené v:
Podrobná bibliografia
Hlavný autor: Cateora, Philip R.
Médium: Kniha
Jazyk:English
Vydavateľské údaje: Homewood IRWIN 1990
Vydanie:7. ed.
Predmet:
Tagy: Pridať tag
Žiadne tagy, Buďte prvý, kto otaguje tento záznam!

MARC

LEADER 00000nam a2200000 4500
001 c010809
005 20251009090143.2
020 |a 0-256-07954-4 
041 0 |a eng 
044 |a US 
245 1 0 |a Instructor's Manual to Accompany International Marketing  |c Philip R. Cateora 
250 |a 7. ed. 
264 1 |a Homewood  |b IRWIN  |c 1990 
300 |a 381 s. 
610 2 0 |a marketing medzinárodný 
610 2 0 |a podnik spoločný 
610 2 0 |a spoločnosti nadnárodné 
610 2 0 |a joint ventures 
610 2 0 |a manažment 
610 2 0 |a štúdie prípadové 
100 1 |a Cateora, Philip R.